000 00283nam a22001217a 4500
008 171027b xxu||||| |||| 00| 0 eng d
041 _aeng
080 _23 ED
_a336
100 _a55
101 _aMEN
245 _aCONTEMPORARY FINANCIAL MANAGEMENT
_cKRETLOW.M.M
942 _2udc
_cBK
999 _c36006
_d36006